Vyhodnotenie stability fluidného lôžka v závislosti na fyzikálnochemických zmenách v reakčnom systéme krakovania vákuových zvyškov diplomová práca

Saved in:
Bibliographic Details
Main Author: Bielik, Andrej
Format: Book
Language:Slovak
Published: Bratislava STU FCHPT 2015
Online Access:View in OPAC
Tags: Add Tag
No Tags, Be the first to tag this record!

MARC

LEADER 00000nam a2200000 a 4500
005 20260127134156.0
008 151201 2015 000 0 slo d
035 |a vtls011425393 
039 9 |y 201512011233  |z mschk03 
040 |a STUSCHK1  |b slo  |c STUSCHK1  |e AACR2 
100 1 |a Bielik, Andrej 
245 1 |a Vyhodnotenie stability fluidného lôžka v závislosti na fyzikálnochemických zmenách v reakčnom systéme krakovania vákuových zvyškov  |b diplomová práca  |c Andrej Bielik 
260 |a Bratislava  |b STU FCHPT  |c 2015 
300 |a 56 s.  |b il.  |c 25 cm 
500 |a Študijný program: chemické inžinierstvo 
500 |a Študijný odbor: chemické inžinierstvo 
500 |a Školiace pracovisko: Odd. chemického a biochemického inžinierstva 
500 |a Evid. číslo: FCHPT-5433-44032 
910 |a SCHK95 
999 |c 5869  |d 5869